Die Bauwirtschaft : Eine Vorwiegend Statistische Analyse.

Bibliographic Details
Main Author: Beckermann, Theo.
Format: eBook
Language:German
Published: Berlin : Duncker & Humblot, 1976.
Edition:1st ed.
Series:Schriften des Rheinisch-Westfälischen Instituts Für Wirtschaftsforschung Series
Subjects:
Online Access:Click to View
LEADER 02457nam a22003853i 4500
001 EBC7100925
003 MiAaPQ
005 20240729202203.0
006 m o d |
007 cr cnu||||||||
008 240729s1976 xx o ||||0 ger d
020 |a 9783428435746  |q (electronic bk.) 
020 |z 9783428035748 
035 |a (MiAaPQ)EBC7100925 
035 |a (Au-PeEL)EBL7100925 
035 |a (OCoLC)1347029534 
040 |a MiAaPQ  |b eng  |e rda  |e pn  |c MiAaPQ  |d MiAaPQ 
100 1 |a Beckermann, Theo. 
245 1 4 |a Die Bauwirtschaft :  |b Eine Vorwiegend Statistische Analyse. 
250 |a 1st ed. 
264 1 |a Berlin :  |b Duncker & Humblot,  |c 1976. 
264 4 |c ©1976. 
300 |a 1 online resource (85 pages) 
336 |a text  |b txt  |2 rdacontent 
337 |a computer  |b c  |2 rdamedia 
338 |a online resource  |b cr  |2 rdacarrier 
490 1 |a Schriften des Rheinisch-Westfälischen Instituts Für Wirtschaftsforschung Series 
505 0 |a Intro -- Vorwort -- Inhalt -- Einführung -- Die Bauwirtschaft - Abgrenzung und Größenordnungen -- Baugewerbe und Investitionen in der volkswirtschaftiichen Gesamtrechnung -- Der Beitrag zum Bruttoinlandsprodukt -- Die Bauinvestitionen -- Das Bauvolumen -- Das Baugewerbe seit Anfang der 60er Jahre -- Betriebe, Beschäftigte, Produktion -- Technische Rationalisierung und Produktivität -- Schlüsselfertiges Bauen - Kooperation -- Der Fertigteilbau -- Kosten und Preise -- Die Leistungen der Bausparten -- Die wichtigsten Bauarten -- Wohnungsbau -- Wirtschaftsbau und öffentlicher Hochbau -- Öffentlicher Tiefbau -- Bauhandwerk und Bauindustrie -- Unterschiedliche Strukturen -- ... und Größenordnungen -- Spezialisierung - Diversifikation -- Regionale Unterschiede -- Zusammenfassung -- Methodische Erläuterungen -- Tabellenanhang. 
588 |a Description based on publisher supplied metadata and other sources. 
590 |a Electronic reproduction. Ann Arbor, Michigan : ProQuest Ebook Central, 2024. Available via World Wide Web. Access may be limited to ProQuest Ebook Central affiliated libraries.  
655 4 |a Electronic books. 
776 0 8 |i Print version:  |a Beckermann, Theo  |t Die Bauwirtschaft  |d Berlin : Duncker & Humblot,c1976  |z 9783428035748 
797 2 |a ProQuest (Firm) 
830 0 |a Schriften des Rheinisch-Westfälischen Instituts Für Wirtschaftsforschung Series 
856 4 0 |u https://ebookcentral.proquest.com/lib/matrademy/detail.action?docID=7100925  |z Click to View